000 00332nam a22001457a 4500
008 221202b ||||| |||| 00| 0 eng d
020 _a9780697391346
041 _aeng
080 _a616.053
082 _a616.053 JUN
100 _a14.2
101 _aPEDIA
245 _aCHILD GROWTH AND DEVELOPMENT
_cJUNN N E
942 _2udc
_cBK
999 _c59074
_d59074